Famous People Named Howard - Statistics

General Stats
  • This quiz has been taken 171 times
    85 since last reset
  • The average score is 7 of 18
Answer Stats
Life Hint Person % Correct
1905–1976 American business magnate and aviator Howard Hughes
74%
1954– Happy Days actor and Apollo 13 director Ron Howard
69%
1523–1542 Fifth wife of Henry VIII who was beheaded Catherine Howard
60%
1954– "King of All Media" shock jock of Private Parts Howard Stern
60%
1857–1930 27th president of the United States William Howard Taft
52%
1955– America's Got Talent and Deal or No Deal Howie Mandel
48%
1981– Actress in Jurassic World and The Village Bryce Dallas Howard
45%
Fictional Anthropomorphic main character of panned 1986 film Howard the Duck
44%
1897–1975 Leader of the Three Stooges Moe Howard
40%
1985– Basketball player who was an 8-time All-Star Dwight Howard
30%
1918–1995 "Humble Howard" who was ABC sportscaster Howard Cosell
30%
1955– Musician of "No One is to Blame" and "Like to Get to Know You Well" Howard Jones
26%
1969– Actor in Hustle & Flow and Empire Terrence Howard
25%
1959– Has appeared in many films directed by his older brother Clint Howard
22%
1946– Composed the score for Lord of the Rings and The Hobbit Howard Shore
19%
1948– Vermont politician who ran for president in 2004 Howard Dean
18%
1922–2010 Author of A People's History of the United States Howard Zinn
18%
1896–1977 Director of The Big Sleep and Bringing Up Baby Howard Hawks
17%
No matching quizzes found
Score Distribution
Percent of People with Each Score
Percentile by Number Answered
Your Score History
You have not taken this quiz since the last reset